[Event "Barcelona Sant Marti op 11th"]
[Site "Barcelona"]
[Date "2024.03.07"]
[Round "9"]
[White "Bertolin Escriche, Tomas"]
[Black "Subirana Santos, Marc"]
[Result "0-1"]
[WhiteElo "1606"]
[BlackElo "1559"]
[PlyCount "228"]
[EventDate "2024.01.11"]
[EventType "swiss"]
[EventRounds "9"]
[EventCountry "ESP"]
[SourceTitle "CBM 219 Extra"]
[Source "ChessBase"]
[SourceDate "2024.05.31"]
[SourceVersion "1"]
[SourceVersionDate "2024.05.31"]
[SourceQuality "1"]

1. Nf3 g6 2. g3 Bg7 3. Bg2 d6 4. d4 e6 5. Nbd2 Nd7 6. 0-0 Ne7 7. c4 h6 8. Rb1 Rb8 9. b4 a6 10. Qc2 b6 11. Bb2 Bb7 12. e4 0-0 13. a4 Nc6 14. b5 Ne7 15. Rfd1 axb5 16. axb5 f5 17. d5 e5 18. exf5 Nxf5 19. Ne4 Qe8 20. h4 Nf6 21. Nxf6+ Rxf6 22. Nd2 Rf8 23. Be4 Ne7 24. g4 Rf4 25. f3 Bf6 26. Nf1 Bxh4 27. Bc1 Rf6 28. Kg2 g5 29. Ng3 Kg7 30. Nh5+ Kf7 31. Nxf6 Kxf6 32. Be3 Ng6 33. Bxg6 Qxg6 34. Qxg6+ Kxg6 35. Bf2 h5 36. Rh1 Bxf2 37. gxh5+ Kh6 38. Kxf2 Rf8 39. Ke3 Bc8 40. Rb4 Rf4 41. Ra4 Bf5 42. Rc1 Kxh5 43. Ra7 e4 44. fxe4 Rxe4+ 45. Kd2 Re7 46. Re1 Rg7 47. Re3 g4 48. Ke2 Kh4 49. Kf2 g3+ 50. Rxg3 Rxg3 51. Rxc7 Rc3 52. Rc6 Kg4 53. Rxd6 Rxc4 54. Rxb6 Kf4 55. Rc6 Rb4 56. b6 Rb2+ 57. Ke1 Ke3 58. Rc1 Rxb6 59. Rc3+ Bd3 60. Kd1 Rd6 61. Rc5 Be4 62. Kc1 Bxd5 63. Kc2 Be4+ 64. Kc3 Rd1 65. Kb2 Rb1+ 66. Ka2 Rb7 67. Ka3 Kd3 68. Rc8 Bd5 69. Rc5 Kd4 70. Rc8 Bc4 71. Rh8 Kc3 72. Rh3+ Bd3 73. Rh4 Rb1 74. Ka2 Rb2+ 75. Ka3 Rb3+ 76. Ka2 Bb1+ 77. Ka1 Bf5 78. Ra4 Be6 79. Ra2 Rb6 80. Rc2+ Kd3 81. Rc3+ Kd4 82. Rd3+ Ke5 83. Re3+ Kd6 84. Rd3+ Kc7 85. Rc3+ Kd8 86. Rd3+ Bd7 87. Rd2 Kc7 88. Rc2+ Bc6 89. Rb2 Bb5 90. Rc2+ Kd6 91. Rh2 Kc5 92. Ra2 Kd4 93. Ra5 Kc3 94. Ra3+ Kc2 95. Ra2+ Kc1 96. Rb2 Rb7 97. Rb1+ Kc2 98. Rb2+ Kc3 99. Ra2 Rf7 100. Ra3+ Kc2 101. Ra2+ Kc1 102. Rb2 Bd3 103. Rb1+ Kd2 104. Rb2+ Kd1 105. Rb3 Bc2 106. Rb2 Rf1 107. Ka2 Kd2 108. Rb6 Bd3 109. Rb2+ Kc3 110. Rb3+ Kc4 111. Rb2 Re1 112. Rb6 Kc5 113. Rb2 Bc4+ 114. Ka3 Ra1+ 0-1

[Event "Barcelona Sant Marti op 11th"]
[Site "Barcelona"]
[Date "2024.01.18"]
[Round "2"]
[White "Segador Sanchez, Didac"]
[Black "Bertolin Escriche, Tomas"]
[Result "1/2-1/2"]
[WhiteElo "1379"]
[BlackElo "1606"]
[PlyCount "94"]
[EventDate "2024.01.11"]
[EventType "swiss"]
[EventRounds "9"]
[EventCountry "ESP"]
[SourceTitle "CBM 219 Extra"]
[Source "ChessBase"]
[SourceDate "2024.05.31"]
[SourceVersion "1"]
[SourceVersionDate "2024.05.31"]
[SourceQuality "1"]

1. d4 d5 2. Bf4 Nf6 3. e3 g6 4. h3 Bg7 5. Nf3 Nbd7 6. Be2 0-0 7. 0-0 b6 8. c4 e6 9. Nbd2 Bb7 10. Rc1 Rc8 11. Ne5 Nxe5 12. Bxe5 Nd7 13. Bxg7 Kxg7 14. b4 Qe7 15. b5 Rfd8 16. Bf3 Nf6 17. cxd5 exd5 18. Qa4 Ra8 19. Qc2 Rac8 20. Qb2 h5 21. Rfe1 Kh6 22. a4 g5 23. g3 g4 24. hxg4 hxg4 25. Be2 Rh8 26. Kg2 Kg7 27. Qb1 Qe6 28. Bd3 Ne4 29. Nxe4 dxe4 30. Be2 f5 31. Rh1 Rxh1 32. Rxh1 Rh8 33. Qc2 Qd6 34. Bc4 Rxh1 35. Kxh1 Bc8 36. Qb3 Bd7 37. Qc3 Kf6 38. Kg1 Ke7 39. Kf1 Qf6 40. Ke2 Kd8 41. a5 Be6 42. axb6 axb6 43. Qb3 Bxc4+ 44. Qxc4 Kd7 45. Qd5+ Ke7 46. Qc4 Kd7 47. Qd5+ Ke7 1/2-1/2

[Event "Barcelona Sant Marti op 10th"]
[Site "Barcelona"]
[Date "2023.01.12"]
[Round "1"]
[White "Bertolin Escriche, Tomas"]
[Black "Fernandez Diaz, Cristian"]
[Result "0-1"]
[WhiteElo "1652"]
[BlackElo "2252"]
[PlyCount "60"]
[EventDate "2023.01.12"]
[EventType "swiss"]
[EventRounds "9"]
[EventCountry "ESP"]
[SourceTitle "CBM 213 Extra"]
[Source "ChessBase"]
[SourceDate "2023.05.31"]
[SourceVersion "1"]
[SourceVersionDate "2023.05.31"]
[SourceQuality "1"]

1. Nf3 c5 2. b3 Nc6 3. Bb2 Nf6 4. g3 g6 5. Bg2 Bg7 6. d3 0-0 7. 0-0 d6 8. Nbd2 e5 9. a3 h6 10. h3 Be6 11. c4 Qd7 12. Kh2 Nh7 13. e4 f5 14. exf5 gxf5 15. Ng1 Rae8 16. Ndf3 e4 17. Bxg7 exf3 18. Bxf8 fxg2 19. Kxg2 Rxf8 20. f4 Qg7 21. Rb1 Bd7 22. Re1 Nd4 23. Re3 Nf6 24. Kf2 Bc6 25. b4 b6 26. b5 Ba8 27. a4 Qb7 28. Nf3 Nxf3 29. Rxf3 Re8 30. Rb2 Ng4+ 0-1

[Event "Barcelona La Lira op 38th"]
[Site "Barcelona"]
[Date "2020.02.14"]
[Round "5"]
[White "Bertolin Escriche, Tomas"]
[Black "Bieg Pagel, Clemens"]
[Result "0-1"]
[WhiteElo "1697"]
[BlackElo "1803"]
[PlyCount "62"]
[EventDate "2020.01.17"]
[EventType "swiss"]
[EventRounds "8"]
[EventCountry "ESP"]
[SourceTitle "CBM 195 Extra"]
[Source "ChessBase"]
[SourceDate "2020.05.31"]
[SourceVersion "1"]
[SourceVersionDate "2020.05.31"]
[SourceQuality "1"]

1. Nf3 Nf6 2. b3 g6 3. Bb2 Bg7 4. g3 0-0 5. Bg2 d6 6. 0-0 e5 7. d3 Re8 8. Nbd2 a5 9. a4 Na6 10. c4 c6 11. Ne1 Nc5 12. e4 Qb6 13. h3 Ne6 14. Nef3 Nh5 15. Kh2 Bd7 16. Rb1 Rad8 17. Qe2 Nd4 18. Nxd4 exd4 19. Rbe1 d5 20. Qd1 dxe4 21. Bxe4 c5 22. Bf3 Nf6 23. Rxe8+ Rxe8 24. Re1 Bh6 25. Rxe8+ Bxe8 26. Ne4 Nxe4 27. Bxe4 Bxa4 28. Bxd4 Bxb3 29. Bxc5 Qxc5 30. Qxb3 Qxf2+ 31. Bg2 Be3 0-1

[Event "Barcelona La Lira op 38th"]
[Site "Barcelona"]
[Date "2020.02.07"]
[Round "4"]
[White "Colomer Gomez, Jordi"]
[Black "Bertolin Escriche, Tomas"]
[Result "1-0"]
[WhiteElo "1513"]
[BlackElo "1697"]
[PlyCount "105"]
[EventDate "2020.01.17"]
[EventType "swiss"]
[EventRounds "8"]
[EventCountry "ESP"]
[SourceTitle "CBM 195 Extra"]
[Source "ChessBase"]
[SourceDate "2020.05.31"]
[SourceVersion "1"]
[SourceVersionDate "2020.05.31"]
[SourceQuality "1"]

1. e4 g6 2. Nc3 Bg7 3. f4 e6 4. Nf3 d6 5. Bc4 h6 6. 0-0 Ne7 7. d3 0-0 8. Qe1 a6 9. Qh4 Nec6 10. Qf2 b5 11. Bb3 Na5 12. g4 Nxb3 13. axb3 f5 14. gxf5 gxf5 15. Nxb5 Bb7 16. Nbd4 Qf6 17. e5 Qf7 18. Bd2 Kh7 19. h3 Nc6 20. Qh4 Kg8 21. Rae1 Nxd4 22. Nxd4 Qg6+ 23. Kf2 d5 24. Qe7 Rae8 25. Qxc7 Rf7 26. Qb6 Qh5 27. Re3 Bc8 28. Rg3 Kh7 29. Rfg1 Ree7 30. Nf3 Re8 31. h4 Rd7 32. Rg6 Qxg6 33. Rxg6 Kxg6 34. Nd4 Kf7 35. b4 Bf8 36. c3 Ree7 37. h5 Re8 38. Kf3 Rb7 39. Qc6 Bg7 40. Be1 Bf8 41. Bh4 Bg7 42. b3 Bh8 43. Nxf5 exf5 44. Qg6+ Kf8 45. Qxh6+ Bg7 46. Qd6+ Ree7 47. Qd8+ Re8 48. Qd6+ Rbe7 49. h6 Bh8 50. Bf6 Bxf6 51. exf6 Kf7 52. fxe7 Rxe7 53. Qxe7+ 1-0

[Event "Barcelona La Lira op 38th"]
[Site "Barcelona"]
[Date "2020.01.31"]
[Round "3"]
[White "Bertolin Escriche, Tomas"]
[Black "Padin Jimenez, Oriol"]
[Result "1/2-1/2"]
[WhiteElo "1697"]
[BlackElo "1547"]
[PlyCount "54"]
[EventDate "2020.01.17"]
[EventType "swiss"]
[EventRounds "8"]
[EventCountry "ESP"]
[SourceTitle "CBM 195 Extra"]
[Source "ChessBase"]
[SourceDate "2020.05.31"]
[SourceVersion "1"]
[SourceVersionDate "2020.05.31"]
[SourceQuality "1"]

1. Nf3 d5 2. b3 c5 3. Bb2 f6 4. d3 e5 5. Nbd2 Nc6 6. g3 Be6 7. Bg2 Nh6 8. 0-0 Nf7 9. a3 Be7 10. c4 d4 11. Ne1 Qd7 12. e4 0-0 13. f4 Nh6 14. f5 Bf7 15. h3 g6 16. g4 Kh8 17. Bc1 Rg8 18. Ndf3 g5 19. Rf2 Rg7 20. Rfa2 Rb8 21. Bd2 Be8 22. Nc2 Nf7 23. b4 b6 24. b5 Ncd8 25. a4 Qb7 26. a5 Nd6 27. a6 Qc7 1/2-1/2

[Event "Barcelona La Lira op 38th"]
[Site "Barcelona"]
[Date "2020.01.17"]
[Round "1"]
[White "Bertolin Escriche, Tomas"]
[Black "Bermejo Cuadra, Robert"]
[Result "1-0"]
[WhiteElo "1697"]
[BlackElo "1221"]
[PlyCount "105"]
[EventDate "2020.01.17"]
[EventType "swiss"]
[EventRounds "8"]
[EventCountry "ESP"]
[SourceTitle "CBM 195 Extra"]
[Source "ChessBase"]
[SourceDate "2020.05.31"]
[SourceVersion "1"]
[SourceVersionDate "2020.05.31"]
[SourceQuality "1"]

1. Nf3 Nc6 2. b3 e5 3. d3 d6 4. Bb2 f5 5. g3 Nf6 6. Nbd2 e4 7. Bxf6 Qxf6 8. dxe4 fxe4 9. Nxe4 Qg6 10. Nfd2 Bf5 11. Bg2 0-0-0 12. c4 Re8 13. f3 Be7 14. 0-0 Rhf8 15. a3 Bf6 16. Nxf6 Qxf6 17. e4 Bd7 18. Re1 Qd4+ 19. Kh1 Ne5 20. Qe2 Nd3 21. Qe3 Qxe3 22. Rxe3 Ne5 23. h3 g5 24. Rf1 b5 25. f4 gxf4 26. gxf4 Ng6 27. Ref3 Nh4 28. R3f2 Nxg2 29. Kxg2 Rg8+ 30. Kh2 bxc4 31. bxc4 Bc6 32. Re1 Rg7 33. f5 Rg5 34. Rfe2 Bd7 35. Nf3 Rh5 36. Rg2 Bc6 37. Rge2 h6 38. h4 Bd7 39. Kg3 Rg8+ 40. Kf4 c6 41. Rh2 a5 42. Rg1 Rxg1 43. Nxg1 d5 44. cxd5 cxd5 45. Kg4 Be8 46. e5 Kd7 47. e6+ Ke7 48. Ne2 Kf6 49. Ng3 Ke5 50. Nxh5 d4 51. Re2+ Kd6 52. Nf4 Kc5 53. f6 1-0

[Event "Barcelona La Lira op 37th"]
[Site "Barcelona"]
[Date "2019.02.15"]
[Round "5"]
[White "Sanchez Coves, Juan Josep"]
[Black "Bertolin Escriche, Tomas"]
[Result "1/2-1/2"]
[WhiteElo "1579"]
[BlackElo "1687"]
[PlyCount "44"]
[EventDate "2019.01.18"]
[EventType "swiss"]
[EventRounds "8"]
[EventCountry "ESP"]
[SourceTitle "CBM 189 Extra"]
[Source "ChessBase"]
[SourceDate "2019.05.31"]
[SourceVersion "1"]
[SourceVersionDate "2019.05.31"]
[SourceQuality "1"]

1. d4 g6 2. Bf4 Bg7 3. c3 e6 4. e3 Ne7 5. Nf3 d6 6. Bd3 Nd7 7. Nbd2 b6 8. Be4 Rb8 9. Qa4 a6 10. c4 0-0 11. Rb1 h6 12. h4 f5 13. Bc2 Nf6 14. Ke2 Bb7 15. Qb3 Nh5 16. Bh2 c5 17. Rhg1 Qd7 18. g4 fxg4 19. Rxg4 Rf6 20. dxc5 bxc5 21. Be4 Qc8 22. Qd3 Nf5 1/2-1/2

[Event "Barcelona La Lira op 37th"]
[Site "Barcelona"]
[Date "2019.02.01"]
[Round "3"]
[White "Costa Trave, Jaume"]
[Black "Bertolin Escriche, Tomas"]
[Result "1-0"]
[WhiteElo "1853"]
[BlackElo "1687"]
[PlyCount "97"]
[EventDate "2019.01.18"]
[EventType "swiss"]
[EventRounds "8"]
[EventCountry "ESP"]
[SourceTitle "CBM 189 Extra"]
[Source "ChessBase"]
[SourceDate "2019.05.31"]
[SourceVersion "1"]
[SourceVersionDate "2019.05.31"]
[SourceQuality "1"]

1. f4 e6 2. e4 g6 3. d4 d6 4. Nf3 Bg7 5. c4 Ne7 6. Nc3 a6 7. Bd3 Nd7 8. 0-0 0-0 9. Be3 c5 10. d5 Nf6 11. dxe6 fxe6 12. Ng5 h6 13. Nh3 b6 14. Qe2 Qc7 15. Rf2 h5 16. Ng5 Ng4 17. Rf3 Nxe3 18. Rxe3 Bd4 19. Rf1 Rf6 20. Kh1 Bxe3 21. Qxe3 Bb7 22. Qg3 Raf8 23. Re1 Bc8 24. Nh3 Kg7 25. Ne2 e5 26. f5 Kh7 27. Qg5 Ng8 28. Ng3 Qg7 29. Qh4 Nh6 30. fxg6+ Rxg6 31. Qxh5 Bxh3 32. Qxh3 Kg8 33. Nf5 Qh7 34. Rf1 Kh8 35. g3 Ng4 36. Qxh7+ Kxh7 37. Kg2 Rgf6 38. h3 Nh6 39. g4 Kg6 40. Kg3 R8f7 41. h4 Re6 42. g5 Ng8 43. Kg4 Rh7 44. Ng3 Rf7 45. h5+ Kg7 46. Nf5+ Kf8 47. g6 Rff6 48. Kg5 a5 49. Bc2 1-0

[Event "Barcelona La Lira op 37th"]
[Site "Barcelona"]
[Date "2019.01.18"]
[Round "1"]
[White "Padin Juy, Jose"]
[Black "Bertolin Escriche, Tomas"]
[Result "0-1"]
[WhiteElo "1483"]
[BlackElo "1687"]
[PlyCount "56"]
[EventDate "2019.01.18"]
[EventType "swiss"]
[EventRounds "8"]
[EventCountry "ESP"]
[SourceTitle "CBM 189 Extra"]
[Source "ChessBase"]
[SourceDate "2019.05.31"]
[SourceVersion "1"]
[SourceVersionDate "2019.05.31"]
[SourceQuality "1"]

1. e4 g6 2. d4 Bg7 3. Nf3 d6 4. Bc4 e6 5. 0-0 Ne7 6. Nc3 0-0 7. Bg5 h6 8. Bh4 a6 9. a4 b6 10. b3 Bb7 11. Qd3 Nd7 12. Rfe1 c5 13. e5 d5 14. Qe3 cxd4 15. Nxd4 dxc4 16. bxc4 Re8 17. Bf6 Nxf6 18. exf6 Bxf6 19. Nce2 Bg7 20. c3 Qc7 21. f4 Qxc4 22. Nf3 Nd5 23. Qd2 Red8 24. Ne5 Qc5+ 25. Nd4 Nxc3 26. h4 Rxd4 27. Nd3 Rxd3+ 28. Qf2 Bd4 0-1

[Event "Barcelona La Lira op 36th"]
[Site "Barcelona"]
[Date "2018.03.02"]
[Round "7.12"]
[White "Bertolin Escriche, Tomas"]
[Black "Tortosa Moros, Joan"]
[Result "1/2-1/2"]
[WhiteElo "1665"]
[BlackElo "1638"]
[PlyCount "68"]
[EventDate "2018.01.19"]
[EventType "swiss"]
[EventRounds "8"]
[EventCountry "ESP"]
[SourceTitle "EXT 2024"]
[Source "ChessBase"]
[SourceDate "2023.10.10"]
[SourceVersion "1"]
[SourceVersionDate "2023.10.10"]
[SourceQuality "1"]

1. Nf3 Nf6 2. b3 g6 3. Bb2 Bg7 4. g3 0-0 5. Bg2 d5 6. 0-0 c5 7. d3 Nc6 8. a3 Bf5 9. h3 h6 10. Nbd2 Rc8 11. c4 d4 12. Qc2 Qc7 13. Rfe1 Rfe8 14. Rad1 e5 15. Nh4 Be6 16. Kh2 Ne7 17. Ne4 Nf5 18. Nxf6+ Bxf6 19. Nxf5 Bxf5 20. Bc1 Bg7 21. e4 dxe3 22. fxe3 Kh7 23. e4 Be6 24. Rf1 f5 25. Rf2 fxe4 26. Bxe4 Rf8 27. Rdf1 Rxf2+ 28. Rxf2 Rf8 29. Be3 Rxf2+ 30. Qxf2 b6 31. b4 cxb4 32. axb4 Qd7 33. g4 Qe7 34. b5 Qf6 1/2-1/2

[Event "Barcelona Ideal Clave op 21st"]
[Site "Barcelona"]
[Date "2017.11.04"]
[Round "5"]
[White "Bertolin Escriche, Tomas"]
[Black "Sanchez Marin, Joan"]
[Result "0-1"]
[WhiteElo "1666"]
[BlackElo "2015"]
[PlyCount "76"]
[EventDate "2017.09.30"]
[EventType "swiss"]
[EventRounds "8"]
[EventCountry "ESP"]
[SourceTitle "CBM 181 Extra"]
[Source "ChessBase"]
[SourceDate "2017.12.12"]
[SourceVersion "1"]
[SourceVersionDate "2017.12.12"]
[SourceQuality "1"]

1. Nf3 d5 2. b3 c5 3. Bb2 f6 4. g3 e5 5. d3 Nc6 6. Bg2 Be6 7. Nbd2 Nge7 8. a3 Qd7 9. h4 0-0-0 10. c4 d4 11. Qc2 f5 12. 0-0-0 g6 13. Kb1 h6 14. Nf1 Bg7 15. N3d2 g5 16. Nf3 g4 17. N3d2 h5 18. Nh2 Bh6 19. Rhf1 Rhg8 20. Bc1 Ng6 21. Ka2 Qc7 22. Nb1 Qg7 23. Nd2 Rgf8 24. Rde1 Nge7 25. Qb2 a5 26. Nb1 Kc7 27. Nd2 Nc8 28. Nb1 Nd6 29. Bxh6 Qxh6 30. Bxc6 bxc6 31. Qd2 Qxd2+ 32. Nxd2 f4 33. Kb2 Bf5 34. a4 Bg6 35. Kc2 e4 36. Rg1 e3 37. fxe3 fxe3 38. Ndf1 Rf2 0-1

[Event "Barcelona Ideal Clave op 21st"]
[Site "Barcelona"]
[Date "2017.10.28"]
[Round "4"]
[White "Pena Mor, David"]
[Black "Bertolin Escriche, Tomas"]
[Result "0-1"]
[WhiteElo "1887"]
[BlackElo "1666"]
[PlyCount "66"]
[EventDate "2017.09.30"]
[EventType "swiss"]
[EventRounds "8"]
[EventCountry "ESP"]
[SourceTitle "CBM 181 Extra"]
[Source "ChessBase"]
[SourceDate "2017.12.12"]
[SourceVersion "1"]
[SourceVersionDate "2017.12.12"]
[SourceQuality "1"]

1. d4 d5 2. c4 c6 3. Nf3 Nf6 4. Nc3 a6 5. cxd5 cxd5 6. e3 g6 7. Bd3 Bg7 8. 0-0 0-0 9. Ne5 Nbd7 10. f4 e6 11. Qf3 b5 12. Bd2 Bb7 13. a3 Rc8 14. g4 Qb6 15. g5 Nxe5 16. fxe5 Nd7 17. Qf4 Nb8 18. Rf3 Nc6 19. Rh3 Rc7 20. Qh4 Rfc8 21. Qxh7+ Kf8 22. Bxg6 Nxd4 23. Rf1 Nf5 24. Bxf5 exf5 25. Qxf5 Re8 26. Nxd5 Bxd5 27. Bb4+ Ree7 28. Bxe7+ Rxe7 29. Qd3 Bc4 30. Qd6 Qxd6 31. exd6 Rd7 32. Rf2 Rxd6 33. e4 Bd4 0-1

[Event "Barcelona Ideal Clave op 21st"]
[Site "Barcelona"]
[Date "2017.09.30"]
[Round "1"]
[White "Bertolin Escriche, Tomas"]
[Black "Garcia Miralles, Eduard"]
[Result "1-0"]
[WhiteElo "1666"]
[BlackElo "1700"]
[PlyCount "59"]
[EventDate "2017.09.30"]
[EventType "swiss"]
[EventRounds "8"]
[EventCountry "ESP"]
[SourceTitle "CBM 181 Extra"]
[Source "ChessBase"]
[SourceDate "2017.12.12"]
[SourceVersion "1"]
[SourceVersionDate "2017.12.12"]
[SourceQuality "1"]

1. Nf3 d5 2. b3 f6 3. d4 e5 4. dxe5 Nc6 5. Bb2 Be7 6. g3 Nh6 7. Bg2 Nf7 8. exf6 Bxf6 9. Bxf6 Qxf6 10. Nbd2 0-0 11. 0-0 Bf5 12. Nh4 Be6 13. e4 Rad8 14. Re1 Nfe5 15. f4 Bg4 16. Qc1 Ng6 17. Nxg6 Qxg6 18. exd5 Nb4 19. Be4 Qb6+ 20. Kg2 Nxd5 21. Nc4 Qh6 22. Ne5 Qh3+ 23. Kg1 Be6 24. c4 Nf6 25. Bxb7 Nd7 26. Nxd7 Rxd7 27. Qe3 Bf5 28. Bd5+ Kh8 29. Rad1 Rfd8 30. Qe8+ 1-0

[Event "Barcelona La Lira op 35th"]
[Site "Barcelona"]
[Date "2017.03.03"]
[Round "7"]
[White "Bertolin Escriche, Tomas"]
[Black "Meyer, Kuno"]
[Result "1/2-1/2"]
[WhiteElo "1689"]
[BlackElo "1577"]
[PlyCount "37"]
[EventDate "2017.01.20"]
[EventType "swiss"]
[EventRounds "8"]
[EventCountry "ESP"]
[SourceTitle "EXT 2018"]
[Source "ChessBase"]
[SourceDate "2017.10.13"]
[SourceVersion "1"]
[SourceVersionDate "2017.10.13"]
[SourceQuality "1"]

1. Nf3 Nf6 2. b3 g6 3. Bb2 Bg7 4. g3 0-0 5. Bg2 Nc6 6. 0-0 b6 7. d4 Bb7 8. c4 d5 9. Nbd2 e6 10. a3 Rb8 11. Qc2 Ne4 12. Rad1 Nxd2 13. Rxd2 Ba8 14. Rc1 Rc8 15. b4 Ne7 16. Qa4 dxc4 17. Rxc4 Bd5 18. Rc1 f6 19. Qxa7 1/2-1/2

[Event "Barcelona La Lira op 35th"]
[Site "Barcelona"]
[Date "2017.02.24"]
[Round "6"]
[White "Exposito Perez, Juan Miguel"]
[Black "Bertolin Escriche, Tomas"]
[Result "1/2-1/2"]
[WhiteElo "1448"]
[BlackElo "1689"]
[PlyCount "41"]
[EventDate "2017.01.20"]
[EventType "swiss"]
[EventRounds "8"]
[EventCountry "ESP"]
[SourceTitle "EXT 2018"]
[Source "ChessBase"]
[SourceDate "2017.10.13"]
[SourceVersion "1"]
[SourceVersionDate "2017.10.13"]
[SourceQuality "1"]

1. d4 d5 2. c4 c6 3. Nc3 Nf6 4. Nf3 g6 5. Bf4 a6 6. e3 Bg7 7. Rc1 e6 8. Be2 0-0 9. 0-0 Nbd7 10. Bg5 h6 11. Bf4 Nh5 12. Ne5 Nxf4 13. exf4 Nf6 14. c5 Kh7 15. h3 Qc7 16. Bd3 Ng8 17. Qg4 Ne7 18. h4 h5 19. Qxh5+ Bh6 20. Ne2 Rg8 21. g4 1/2-1/2

[Event "Barcelona Ideal Clave op 20th"]
[Site "Barcelona"]
[Date "2016.11.19"]
[Round "8"]
[White "Bertolin Escriche, Tomas"]
[Black "Peris Morte, Joaquin"]
[Result "0-1"]
[WhiteElo "1697"]
[BlackElo "1826"]
[PlyCount "73"]
[EventDate "2016.10.01"]
[EventType "swiss"]
[EventRounds "8"]
[EventCountry "ESP"]
[SourceTitle "EXT 2018"]
[Source "ChessBase"]
[SourceDate "2017.10.13"]
[SourceVersion "1"]
[SourceVersionDate "2017.10.13"]
[SourceQuality "1"]

1. Nf3 g6 2. g3 d5 3. Bg2 Bg7 4. d4 Nf6 5. 0-0 0-0 6. b3 Nbd7 7. Bb2 c6 8. Nbd2 Re8 9. c4 Nf8 10. Re1 Bf5 11. Ne5 N6d7 12. Ndf3 Nxe5 13. Nxe5 Nd7 14. Nxd7 Qxd7 15. cxd5 cxd5 16. f4 Rac8 17. e4 dxe4 18. Bxe4 Bxe4 19. Rxe4 Red8 20. Qe2 e6 21. Rd1 Qd6 22. Re3 Qc6 23. Rdd3 Qa6 24. Qd2 Rd5 25. h4 b6 26. Kf2 Bf8 27. a4 Qb7 28. Rc3 Rdd8 29. Rxc8 Rxc8 30. Rc3 Rxc3 31. Qxc3 Qd5 32. Qc4 Qe4 33. Qc3 a5 34. d5 Bc5+ 35. Kf1 Qh1+ 36. Ke2 Qg2+ 37. Ke1 0-1

[Event "Barcelona Ideal Clave op 20th"]
[Site "Barcelona"]
[Date "2016.10.15"]
[Round "3"]
[White "Bertolin Escriche, Tomas"]
[Black "Alcala Valiente, Juan Carlos"]
[Result "0-1"]
[WhiteElo "1697"]
[BlackElo "1998"]
[PlyCount "66"]
[EventDate "2016.10.01"]
[EventType "swiss"]
[EventRounds "8"]
[EventCountry "ESP"]
[SourceTitle "EXT 2018"]
[Source "ChessBase"]
[SourceDate "2017.10.13"]
[SourceVersion "1"]
[SourceVersionDate "2017.10.13"]
[SourceQuality "1"]

1. Nf3 f5 2. b3 Nf6 3. Bb2 g6 4. g3 Bg7 5. Bg2 0-0 6. 0-0 c5 7. c4 Nc6 8. a3 d5 9. cxd5 Nxd5 10. Bxg7 Kxg7 11. Qc2 Qd6 12. Nc3 e5 13. Nxd5 Qxd5 14. Rac1 e4 15. Ne1 b6 16. d3 Nd4 17. dxe4 fxe4 18. Bxe4 Qe6 19. Qd3 Ba6 20. Qxa6 Qxe4 21. e3 Nxb3 22. Rc2 Rfd8 23. Qe2 Rd7 24. Nf3 Rad8 25. Qc4 Qxc4 26. Rxc4 Nd2 27. Nxd2 Rxd2 28. f4 Ra2 29. e4 Rdd2 30. Re1 Rg2+ 31. Kh1 Rxh2+ 32. Kg1 Rhg2+ 33. Kf1 Rxg3 0-1

[Event "Barcelona Ideal Clave op 20th"]
[Site "Barcelona"]
[Date "2016.10.01"]
[Round "1"]
[White "Bertolin Escriche, Tomas"]
[Black "Capellades Subirana, Marc"]
[Result "0-1"]
[WhiteElo "1697"]
[BlackElo "2225"]
[PlyCount "50"]
[EventDate "2016.10.01"]
[EventType "swiss"]
[EventRounds "8"]
[EventCountry "ESP"]
[SourceTitle "EXT 2018"]
[Source "ChessBase"]
[SourceDate "2017.10.13"]
[SourceVersion "1"]
[SourceVersionDate "2017.10.13"]
[SourceQuality "1"]

1. Nf3 f5 2. b3 Nf6 3. Bb2 e6 4. g3 c5 5. Bg2 Nc6 6. 0-0 Be7 7. c4 0-0 8. a3 d6 9. Qc2 e5 10. d3 Kh8 11. Nbd2 Be6 12. h3 Qe8 13. e3 Qh5 14. Nh2 g5 15. f4 gxf4 16. exf4 Rg8 17. Rf3 Nd4 18. Bxd4 cxd4 19. Re1 Nd7 20. Ndf1 Rg7 21. b4 Rc8 22. a4 Bf6 23. Qe2 Qh6 24. Nd2 Rcg8 25. Nhf1 Bf7 0-1

[Event "Barcelona La Lira op 33rd"]
[Site "Barcelona"]
[Date "2015.02.20"]
[Round "6"]
[White "Bertolin Escriche, Tomas"]
[Black "Torras Lemos, Marc"]
[Result "1/2-1/2"]
[WhiteElo "1718"]
[BlackElo "1561"]
[PlyCount "53"]
[EventDate "2015.01.16"]
[EventType "swiss"]
[EventRounds "9"]
[EventCountry "ESP"]
[SourceTitle "EXT 2016"]
[Source "ChessBase"]
[SourceDate "2015.10.08"]
[SourceVersion "1"]
[SourceVersionDate "2015.10.08"]
[SourceQuality "1"]

1. Nf3 d5 2. b3 c5 3. Bb2 Nc6 4. g3 Bf5 5. Bg2 Nf6 6. 0-0 e6 7. d3 Be7 8. h3 0-0 9. Nh4 Ne8 10. Nxf5 exf5 11. f4 Rc8 12. Nd2 b5 13. a4 a6 14. e3 Nc7 15. c4 Nb4 16. Nf3 dxc4 17. dxc4 bxc4 18. bxc4 Re8 19. Qb1 Bf6 20. Ne5 Bxe5 21. fxe5 Qd3 22. Ra3 Qxc4 23. Qxf5 Qe6 24. Qg5 Qe7 25. Qg4 Qe6 26. Qg5 Qe7 27. Qg4 1/2-1/2

[Event "Barcelona La Lira op 33rd"]
[Site "Barcelona"]
[Date "2015.02.13"]
[Round "5"]
[White "Guix Torres, David"]
[Black "Bertolin Escriche, Tomas"]
[Result "1-0"]
[WhiteElo "2065"]
[BlackElo "1718"]
[PlyCount "45"]
[EventDate "2015.01.16"]
[EventType "swiss"]
[EventRounds "9"]
[EventCountry "ESP"]
[SourceTitle "EXT 2016"]
[Source "ChessBase"]
[SourceDate "2015.10.08"]
[SourceVersion "1"]
[SourceVersionDate "2015.10.08"]
[SourceQuality "1"]

1. e4 g6 2. d4 d6 3. Nc3 Bg7 4. Be3 Nf6 5. Be2 a6 6. Qd2 b5 7. a3 Nbd7 8. Bh6 0-0 9. h4 c5 10. Nf3 b4 11. axb4 cxb4 12. Nd5 Nxe4 13. Qe3 Ndf6 14. Bxg7 Kxg7 15. h5 Bf5 16. Nxf6 exf6 17. hxg6 Bxg6 18. Qh6+ Kg8 19. Nh4 Qe7 20. Kf1 Rfe8 21. Bc4 Qf8 22. Qf4 Qe7 23. Nxg6 1-0

[Event "Barcelona La Lira op 33rd"]
[Site "Barcelona"]
[Date "2015.01.23"]
[Round "2"]
[White "Sanchez Coves, Juan Josep"]
[Black "Bertolin Escriche, Tomas"]
[Result "1/2-1/2"]
[WhiteElo "1596"]
[BlackElo "1718"]
[PlyCount "37"]
[EventDate "2015.01.16"]
[EventType "swiss"]
[EventRounds "9"]
[EventCountry "ESP"]
[SourceTitle "EXT 2016"]
[Source "ChessBase"]
[SourceDate "2015.10.08"]
[SourceVersion "1"]
[SourceVersionDate "2015.10.08"]
[SourceQuality "1"]

1. e4 g6 2. Nf3 Bg7 3. c3 c5 4. d4 cxd4 5. cxd4 d6 6. Qb3 Nf6 7. Bb5+ Nbd7 8. e5 dxe5 9. dxe5 Ne4 10. e6 fxe6 11. 0-0 a6 12. Qxe6 Nec5 13. Bxd7+ Bxd7 14. Qc4 Rc8 15. Nc3 Ne6 16. Qb3 b5 17. Ng5 Nxg5 18. Bxg5 h6 19. Bxe7 1/2-1/2